| 000 | 00484nam a2200181Ia 4500 | ||
|---|---|---|---|
| 003 | GCL | ||
| 008 | 140319s9999 xx 000 0 eng d | ||
| 040 |
_aGCL / _cGCL |
||
| 082 | 0 | 4 |
_a005.43 _bM T |
| 100 | 1 | _aMILNER,BART | |
| 245 | 1 | 0 |
_aTRAINNING GUIDE: PAGE MAKER 4.0 FOR WINDOWS / _cMILNER,BART |
| 260 |
_a[S.N] : _bPITMAN PUBLISHING ، _c1993 |
||
| 300 | _a110 PP | ||
| 650 | 0 | 4 | _aCOMPUTER - PROGRAMMERS |
| 650 | 0 | 4 | _aPAGEMAKER |
| 650 | 0 | 4 | _aWINDOWS PROGRAM |
| 942 |
_2ddc _cBK |
||
| 999 |
_c16548 _d16548 |
||